Commodity market review : 2005-2006.

Bibliographic Details
Format: Book
Published: Rome: FAO, 2005.
Subjects:
LEADER 00547cam a2200193 7i4500
001 0000023640
005 20091007090000.0
020 0 0 |a 92-5-105437-1  
022 0 0 |a 1020-492X 
090 0 0 |a I 338.105   |b COM 
245 0 0 |a Commodity market review :   |b 2005-2006. 
260 0 0 |a Rome:   |b FAO,   |c 2005. 
300 # # |a 124 p. 
650 0 0 |a Food industry and trade  
650 0 0 |a Agriculture  
650 0 0 |a Developing countries  
650 0 0 |a Dairy products --   |x Markets  
650 0 0 |a Rice --   |x Markets  
999 |a B000025284  |b Book  |c International  |e Business Information Centre